| 000 | 00553nam a22001931c 4500 | ||
|---|---|---|---|
| 001 | a987678963 | ||
| 008 | 161111s2014 gw |||| 000u eng d | ||
| 020 |
_a9780804790789 _9978-0-8047-9078-9 |
||
| 041 | _aeng | ||
| 100 | 1 | _aGreene, Samuel | |
| 245 | 0 | 0 |
_aMoscow in movement : _bpower and opposition in Putin's Russia / _cSamuel Greene |
| 264 |
_aStanford, California : _bStanford University Press, _c2014 |
||
| 300 | _aXII, 276 Seiten | ||
| 650 | 0 | _aOpposition | |
| 651 | 0 | _aRussland | |
| 942 | _cMG | ||
| 040 | _cRU-10907106 | ||
| 003 | RU-10907106 | ||
| 999 |
_c40584 _d40584 |
||